♫ "Out of My League" - Lyrics - Fitz and the Tantrums ♫ - Statistics

General Stats
  • This quiz has been taken 137 times
  • The average score is 227 of 285
Answer Stats
Lyric % Correct
a
99%
you
97%
You
97%
I
96%
my
96%
just
92%
league
92%
of
92%
out
92%
dream
90%
and
88%
And
88%
the
88%
More
87%
more
87%
(More
87%
than
87%
than,
87%
than)
87%
All
85%
like
85%
40
83%
days
83%
for
83%
nights
83%
to
83%
girl
82%
were
79%
are
78%
come
77%
life
74%
waited
74%
things
73%
me
72%
right
63%
save
63%
Yeah,
62%
who
60%
'Cause
59%
If
59%
never
59%
someone
59%
don't
56%
kind
56%
Got
55%
I'd
55%
die,
54%
said
54%
wake
54%
believed
53%
heartbeat
53%
racing
51%
find
50%
time
47%
know
45%
ones
45%
somebody
45%
else
44%
From
42%
think
41%
myself
40%
Because
36%
pinch
35%
hand
33%
mistakes
33%
she
33%
every
31%
that
31%
That
31%
takes
28%
simple
24%
wonders
24%
Become
18%
remain
17%
fact
15%
No matching quizzes found
Score Distribution
Percent of People with Each Score
Percentile by Number Answered
Your Score History
You have not taken this quiz